000 00299nam a2200109 4500
999 _c196902
_d196902
008 230808b ||||| |||| 00| 0 eng d
022 _a2633-9447
245 _aIndian journal of clinical medicine
260 _aNew Delhi
_bSage Publication
_c2023
300 _avol.12
_c28cm
942 _2ddc
_cSR
_mMED
_s1